HOTEL CONVENTION SALES SERVICE AND OPERATION (Record no. 15918)
[ view plain ]
| 000 -LEADER | |
|---|---|
| fixed length control field | 00289nam a22001337a 4500 |
| 003 - CONTROL NUMBER IDENTIFIER | |
| control field | SGT |
| 020 ## - INTERNATIONAL STANDARD BOOK NUMBER | |
| International Standard Book Number | 8131220281 |
| 082 ## - DEWEY DECIMAL CLASSIFICATION NUMBER | |
| Item number | ROM |
| 100 ## - MAIN ENTRY--PERSONAL NAME | |
| Personal name | ROMERO, PAL GOLDEN |
| 245 ## - TITLE STATEMENT | |
| Title | HOTEL CONVENTION SALES SERVICE AND OPERATION |
| 260 ## - PUBLICATION, DISTRIBUTION, ETC. (IMPRINT) | |
| Name of publisher, distributor, etc | ELSEVIER |
| Year of Publication | 2009 |
| 300 ## - PAGE DESCRIPTION | |
| No. of Pages | 312 |
| 942 ## - ADDED ENTRY ELEMENTS (KOHA) | |
| Source of classification or shelving scheme | Dewey Decimal Classification |
| Koha item type | Books |
| Withdrawn status | Lost status | Source of classification or shelving scheme | Damaged status | Not for loan | Collection code | Home library | Current library | Shelving location | Date acquired | Vendor Name | Cost, normal purchase price | SGTU | Full call number | Accession No. (Barcode) | Date last seen | Bill Date | Koha item type |
|---|---|---|---|---|---|---|---|---|---|---|---|---|---|---|---|---|---|
| Dewey Decimal Classification | Not For Loan | HOTEL MANAGEMENT | SGT Science & Social Sciences Library | SGT Science & Social Sciences Library | Reference Book | 31/08/2018 | JINDAL BOOK COMPANY | 895.00 | SGTU | ROM | HM974 | 31/08/2018 | 31/08/2018 | Books |